Del origen de las sociedades
Saved in:
| Main Author: | |
|---|---|
| Format: | Book |
| Language: | Spanish |
| Published: |
Madrid
Miguel De Burgos
1823
|
| Edition: | 3a. ed |
| Subjects: | |
| Tags: |
Add Tag
No Tags, Be the first to tag this record!
|
MARC
| LEADER | 00000nam a2200000 a 4500 | ||
|---|---|---|---|
| 001 | UCR1991 | ||
| 003 | CL-VaPUC | ||
| 008 | 980107e18230000SP |||||||||||||||||spa|d | ||
| 082 | 0 | 4 | |a 340.1 |b ABA |2 21 |
| 100 | 0 | |a Abate Thorel |e author |9 399522 | |
| 245 | 1 | 0 | |a Del origen de las sociedades |
| 250 | |a 3a. ed | ||
| 300 | |a 3 v | ||
| 942 | |c BK | ||
| 945 | |d 19980107 00:00:00 |a crobeson | ||
| 260 | |a Madrid |b Miguel De Burgos |c 1823 | ||
| 650 | 0 | |a Filosofía del derecho |9 255050 | |
| 650 | 0 | |a Historia del derecho |9 255109 | |
| 650 | 0 | |a Sociedad |9 307903 | |
| 650 | 0 | |a Soberanía |9 266726 | |
| 650 | 7 | |a PODER |2 CL-VaPUC |9 399523 | |
| 650 | 0 | |a Libertad |9 255686 | |
| 650 | 0 | |a Religión |9 255164 | |
| 650 | 0 | |a Esclavitud |9 323605 | |
| 583 | |a last modification |c 19980107 00:00:00 |k Rodrigo Vera | ||
| 999 | |c 265270 |d 265268 | ||
| 952 | |0 0 |1 0 |4 0 |6 340_100000000000000_ABA_1823 |7 0 |8 DER_HIS |9 296128 |a BIBDER |b BIBDER |d 2019-11-20 |h v.1 |i 1924001 |l 1 |o 340.1 ABA 1823 |p 1924001 |r 2023-01-25 |s 2020-03-17 |w 2019-11-20 |x Ubicación 4to Piso |y BK_X |z Estos recursos deben solicitarse con anticipación |k DER | ||
| 952 | |0 0 |1 0 |4 0 |6 340_100000000000000_ABA_1823 |7 0 |8 DER_HIS |9 296129 |a BIBDER |b BIBDER |d 2019-11-20 |h v.2 |i 192401K |l 1 |o 340.1 ABA 1823 |p 192401K |r 2023-01-25 |s 2020-03-17 |w 2019-11-20 |x Ubicación 4to Piso |y BK_X |z Estos recursos deben solicitarse con anticipación |k DER | ||
| 952 | |0 0 |1 0 |4 0 |6 340_100000000000000_ABA_1823 |7 0 |8 DER_HIS |9 296130 |a BIBDER |b BIBDER |d 2019-11-20 |h v.3 |i 1924028 |l 1 |o 340.1 ABA 1823 |p 1924028 |r 2023-01-25 |s 2020-03-17 |w 2019-11-20 |x Ubicación 4to Piso |y BK_X |z Estos recursos deben solicitarse con anticipación |k DER | ||